| 000 | 00342nam a2200109Ia 4500 | ||
|---|---|---|---|
| 008 | 171211s9999 xx 000 0 und d | ||
| 245 | 4 | _aThe 8 Second Secret: The Scientifically Proven Method for Lasting Weightloss | |
| 245 | _cDr. Gail Trapp | ||
| 260 | _c2011 | ||
| 650 | _xFITNESS | ||
| 856 | _uhttp://down.ebook777.com/061/9781741756876.pdf | ||
| 999 |
_c349107 _d349107 |
||